Un príncipe en el exilio. Las ideas estéticas de Adolfo Couve.
Saved in:
| Hovedforfatter: | |
|---|---|
| Format: | Ukendt |
| Udgivet: |
San Antonio, Chile:
Circe Creaciones,
2022.
|
| Fag: | |
| Tags: |
Tilføj Tag
Ingen Tags, Vær først til at tagge denne postø!
|
MARC
| LEADER | 00000 a2200000 4500 | ||
|---|---|---|---|
| 003 | CL-VaPUC | ||
| 005 | 20240805093348.0 | ||
| 008 | 230307t2022 ||||| |||| 00| 0 eng d | ||
| 999 | |c 440031 |d 440029 | ||
| 020 | |a 978-956-09635-2-9 | ||
| 040 | |c Pontificia Universidad Católica de Valparaíso | ||
| 082 | |2 22 |a 709.83 ZUÑ 2022 | ||
| 100 | |a Zúñiga Contreras, Rodrigo |9 880399 |e autor | ||
| 245 | 1 | 3 | |a Un príncipe en el exilio. |b Las ideas estéticas de Adolfo Couve. |
| 260 | |a San Antonio, Chile: |b Circe Creaciones, |c 2022. | ||
| 300 | |a 97 páginas. | ||
| 583 | |k GC |c 20230307 | ||
| 600 | 0 | |a Couve, Adolfo, |d 1940-1998 |v Reflexión estética |e Pintor, escritor, académico y teórico del arte |9 581851 | |
| 650 | 0 | |a Artistas chilenos |x Literatura y Arte |9 344566 | |
| 650 | 0 | |9 345328 |a Pintores chilenos |y Siglo 20 | |
| 650 | 0 | |9 880753 |a Literarios chilenos |y Siglo 20 | |
| 942 | |2 ddc |c BK | ||
| 952 | |0 0 |1 0 |2 ddc |4 0 |6 709_830000000000000_ZUÑ_2022 |7 0 |8 A |9 588882 |a BIBART |b BIBART |c GEN |d 2023-03-07 |e 135 |g 14000.00 |i 5656554 |o 709.83 ZUÑ 2022 |p 5656554 |r 2025-03-13 |t 1 |v 14000.00 |w 2023-03-07 |y BK |k ART | ||